Energie Solaire Photovoltaique : Aspects Socio-économiques . vol.II /

Bewaard in:
Bibliografische gegevens
Hoofdauteur: Equer, Bernard
Andere auteurs: Percebois, Jacques
Formaat: Sách giấy
Gepubliceerd in: Paris : Ellipses, 1993
Tags: Voeg label toe
Geen labels, Wees de eerste die dit record labelt!
Thư viện lưu trữ: Thư viện Trường Đại học Đà Lạt
LEADER 00645nam a2200253 4500
001 DLU020000796
005 ##1/4/1999
020 # # |a 2-7298-9390-3 
041 # # |f re 
082 # # |a 333.792 3  |b EQ-B 
100 # # |a Equer, Bernard 
245 # # |a Energie Solaire Photovoltaique :  |b Aspects Socio-économiques .  |n vol.II /  |c Bernard Equer, Jacques Percebois 
260 # # |a Paris :  |b Ellipses,  |c 1993 
300 # # |a 192 tr.;  |c 24 cm. 
700 # # |a Percebois, Jacques 
992 # # |a 213000 
994 # # |a DLU 
900 # # |a False 
911 # # |a Administrator 
925 # # |a G 
926 # # |a A 
927 # # |a SH 
980 # # |a Thư viện Trường Đại học Đà Lạt